Normal view
MARC view
- Shah Husain,
Entry Personal Name
001 - CONTROL NUMBER
- control field: 3889
003 - CONTROL NUMBER IDENTIFIER
- control field: NUST
005 - DATE AND TIME OF LATEST TRANSACTION
- control field: 20170810124243.0
008 - FIXED-LENGTH DATA ELEMENTS
- fixed length control field: 170810|| aca||aabn | a|a d
040 ## - CATALOGING SOURCE
- Original cataloging agency: NUST
- Transcribing agency: NUST
100 ## - HEADING--PERSONAL NAME
- Personal name: Shah Husain,
- Dates associated with a name: 1539-1599.
670 ## - SOURCE DATA FOUND
- Source citation: Work cat.: (NUST)0: Shah Husain, 1539-1599., Māʼe nī, kāfiyān̲ Shāh Ḥusain :, 2007.
